[Event "69th POL-ch (w)"]
[Site "Warszawa POL"]
[Date "2017.03.21"]
[Round "1"]
[White "Szczepkowska, Karina"]
[Black "Socko, Monika"]
[Result "0-1"]
[WhiteElo "2413"]
[BlackElo "2466"]
[EventDate "2017.03.21"]
[PlyCount "244"]

1.d4 Nf6 2.c4 e6 3.Nf3 b6 4.g3 Bb7 5.Bg2 c5 6.d5 exd5 7.Nh4 g6 8.cxd5 d6 
9.Nc3 Bg7 10.O-O O-O 11.e4 a6 12.a4 Nbd7 13.Nf3 b5 14.axb5 axb5 15.Rxa8 
Bxa8 16.Nxb5 Nxe4 17.Re1 Qb8 18.Na3 Nef6 19.Ng5 Nb6 20.Ne4 Nxe4 21.Bxe4 
Re8 22.Kf1 Qc8 23.Nb5 Qd7 24.Nc3 Bxc3 25.bxc3 Qb5+ 26.Kg1 Bxd5 27.Bxd5 
Nxd5 28.Bh6 Nf6 29.Rxe8+ Nxe8 30.Qe1 Qd7 31.Qe4 Qe6 32.Qc6 Qe7 33.h4 Nf6 
34.Kf1 Qe6 35.Qc7 Ne8 36.Qd8 f6 37.Bf4 Kf7 38.Qa8 Qd7 39.Qd5+ Kg7 40.Kg1 
Qe7 41.Kf1 h6 42.h5 g5 43.Be3 Qf7 44.Qf3 f5 45.Kg1 Kg8 46.c4 Ng7 47.Qd1 f4
48.gxf4 gxf4 49.Bc1 Qxc4 50.Bb2 Qe6 51.Qf3 Qf5 52.Qa8+ Kh7 53.Qb7 Qg4+ 54.
Kf1 f3 55.Bxg7 Qc4+ 56.Kg1 Qc1+ 57.Kh2 Qf4+ 58.Kh3 Qf5+ 59.Kg3 Qg5+ 60.
Kxf3 Qxh5+ 61.Kg2 Qg4+ 62.Kf1 Qxg7 63.Qe4+ Kh8 64.Qa8+ Qg8 65.Qa1+ Kh7 66.
Qb1+ Kg7 67.Qb2+ Kg6 68.Qc2+ Kf6 69.Qb2+ Kf5 70.Qc2+ Ke5 71.Qc3+ Ke6 72.
Qc4+ d5 73.Qxc5 Qg5 74.Qc6+ Ke5 75.Qe8+ Kf5 76.Qd7+ Kf4 77.Qa4+ Kf3 78.
Qd1+ Ke4 79.Qc2+ Ke5 80.Qc7+ Kd4 81.Qb6+ Ke4 82.Qb1+ Kf4 83.Qb4+ Kf5 84.
Qf8+ Qf6 85.Qc8+ Qe6 86.Qf8+ Ke4 87.Qb4+ d4 88.Qb7+ Ke5 89.Qc7+ Qd6 90.
Qg7+ Kd5 91.Qf7+ Kc6 92.Qc4+ Kb6 93.Qb3+ Ka5 94.Qa2+ Kb5 95.Qb3+ Qb4 96.
Qd5+ Qc5 97.Qb3+ Ka5 98.Qa2+ Kb6 99.Qe6+ Qc6 100.Qe7 Kb5 101.Qe5+ Kc4 102.
Ke2 Kc3 103.Qa5+ Kb3 104.Qe5 Qc2+ 105.Kf3 Qd3+ 106.Kf4 Kc2 107.Qd5 Qc3 
108.Ke4 d3 109.Ke3 Qe1+ 110.Kf4 Qxf2+ 111.Kg4 Qg1+ 112.Kh3 Qe3+ 113.Kh2 
Qf2+ 114.Kh3 Qe3+ 115.Kh2 d2 116.Qc4+ Kd1 117.Qf1+ Qe1 118.Qf6 Qe2+ 119.
Kg1 Qe3+ 120.Kf1 Qe1+ 121.Kg2 Qe4+ 122.Kf2 Kc2 0-1

[Event "69th POL-ch (w)"]
[Site "Warszawa POL"]
[Date "2017.03.21"]
[Round "1"]
[White "Majdan, Joanna"]
[Black "Kantane, Anna"]
[Result "1-0"]
[WhiteElo "2363"]
[BlackElo "2230"]
[EventDate "2017.03.21"]
[PlyCount "77"]

1.e4 c5 2.Nf3 e6 3.d4 cxd4 4.Nxd4 Nc6 5.Nc3 Qc7 6.Be2 Nf6 7.O-O a6 8.Be3 
Be7 9.f4 d6 10.Kh1 O-O 11.Qe1 Nxd4 12.Bxd4 b5 13.a3 Bb7 14.Qg3 Rad8 15.
Rae1 Rd7 16.Bd3 Re8 17.a4 b4 18.Na2 Qa5 19.Nc1 Qd8 20.Qh3 g6 21.f5 gxf5 
22.e5 dxe5 23.Bxe5 Ng4 24.Bg3 Bg5 25.Nb3 Rxd3 26.cxd3 Qd5 27.Nc1 Rc8 28.
Bf4 Bxf4 29.Rxf4 Rc2 30.Ne2 Qe5 31.Qg3 Qxb2 32.h3 Rxe2 33.Rxe2 Qxe2 34.
hxg4 b3 35.gxf5+ Kf8 36.Rg4 Ke7 37.Qc7+ Kf6 38.Qd8+ Kxf5 39.Qg5# 1-0

[Event "69th POL-ch (w)"]
[Site "Warszawa POL"]
[Date "2017.03.21"]
[Round "1"]
[White "Rajlich, Iweta"]
[Black "Kiolbasa, Oliwia"]
[Result "1/2-1/2"]
[WhiteElo "2389"]
[BlackElo "2204"]
[EventDate "2017.03.21"]
[PlyCount "208"]

1.Nf3 c5 2.e3 Nc6 3.d4 d5 4.Nbd2 Nf6 5.dxc5 e6 6.Nb3 Ne4 7.c4 dxc4 8.Qxd8+
Kxd8 9.Bxc4 Nxc5 10.Nbd4 Nxd4 11.exd4 Nd7 12.O-O Bd6 13.Re1 h6 14.Bd2 a5 
15.Rac1 Nb6 16.Ne5 Ke7 17.Be2 Rd8 18.Bf3 Kf8 19.Nd3 Nd5 20.Bxd5 exd5 21.
Bf4 Bf5 22.Bxd6+ Rxd6 23.Nc5 b6 24.Na4 Rc8 25.Rxc8+ Bxc8 26.Nc3 Be6 27.f3 
Rc6 28.Kf2 Rc4 29.Ke3 Ke7 30.g4 Kd6 31.Rc1 Kd7 32.a3 Rc8 33.Kd2 h5 34.g5 
Rc4 35.Ne2 b5 36.b3 Rxc1 37.Nxc1 Bf5 38.b4 a4 39.Ne2 g6 40.Nc3 Kc6 41.Ke3 
Bd7 42.f4 Bf5 43.Kf3 Bg4+ 44.Kg3 Bf5 45.h4 Bc8 46.f5 Bd7 47.Kf3 Kd6 48.Kf4
Be8 49.Ne2 Bd7 50.Ng3 Be8 51.Kf3 Bd7 52.Kf4 Be8 53.Nf1 Bd7 54.Ne3 Bc8 55.
fxg6 fxg6 56.Nd1 Bg4 57.Nf2 Bf5 58.Ke3 Ke6 59.Nd1 Kd6 60.Nc3 Bd7 61.Kf4 
Ke6 62.Nb1 Kd6 63.Nd2 Bg4 64.Nf1 Bd7 65.Nh2 Ke6 66.Nf3 Kd6 67.Ne5 Be8 68.
Kf3 Ke6 69.Kf4 Kd6 70.Nd3 Bd7 71.Ke3 Be8 72.Nc5 Bc6 73.Kf4 Ba8 74.Kf3 Bc6 
75.Kf4 Ba8 76.Nd3 Bc6 77.Ne5 Be8 78.Ke3 Ke6 79.Kf3 Kd6 80.Kf4 Ke6 81.Nd3 
Kd6 82.Nc5 Bc6 83.Ke3 Ba8 84.Nd3 Bc6 85.Nf4 Be8 86.Kf3 Bf7 87.Ng2 Be8 88.
Kf4 Bc6 89.Ne3 Bd7 90.Nf1 Be8 91.Ng3 Ke6 92.Kf3 Kd6 93.Ke3 Ke6 94.Ne2 Kd6 
95.Kf4 Ke6 96.Ng3 Bf7 97.Nf1 Be8 98.Ne3 Bf7 99.Nd1 Be8 100.Nb2 Kd6 101.Ke3
Bd7 102.Nd3 Be8 103.Nf4 Bf7 104.Ne2 Be8 1/2-1/2

[Event "69th POL-ch (w)"]
[Site "Warszawa POL"]
[Date "2017.03.21"]
[Round "1"]
[White "Sliwicka, Alicja"]
[Black "Warakomska, Anna"]
[Result "1/2-1/2"]
[WhiteElo "2244"]
[BlackElo "2343"]
[EventDate "2017.03.21"]
[PlyCount "110"]

1.e4 c5 2.Nf3 e6 3.d4 cxd4 4.Nxd4 Nc6 5.Nc3 Qc7 6.Be2 Nf6 7.O-O Be7 8.Be3 
d6 9.f4 O-O 10.Qe1 Nxd4 11.Bxd4 e5 12.Be3 b6 13.Qg3 Bb7 14.Bf3 Kh8 15.Kh1 
Rae8 16.Rae1 Bc6 17.f5 b5 18.a3 a5 19.Bg5 b4 20.axb4 axb4 21.Bxf6 Bxf6 22.
Nd1 Ra8 23.Ne3 Ra2 24.b3 Qe7 25.Qf2 Bg5 26.Nd5 Bxd5 27.exd5 Qf6 28.Be4 Qh6
29.Ra1 Be3 30.Qf3 Rxa1 31.Rxa1 Bd4 32.Rf1 Ra8 33.f6 g6 34.Qd3 Qe3 35.Qxe3 
Bxe3 36.g3 Bd4 37.Kg2 h5 38.g4 hxg4 39.Kg3 Ra1 40.Rxa1 Bxa1 41.Kxg4 Kh7 
42.h4 Kh6 43.h5 gxh5+ 44.Kf5 Bd4 45.Bg2 Be3 46.Ke4 Bg5 47.Kf5 Bd2 48.Bf3 
h4 49.Bg4 Bc3 50.Bh3 e4 51.Kxe4 Kg5 52.Bf5 Kxf6 53.Bh3 Ke7 54.Bg4 Kd8 55.
Bf5 Ke7 1/2-1/2

[Event "69th POL-ch (w)"]
[Site "Warszawa POL"]
[Date "2017.03.21"]
[Round "1"]
[White "Zawadzka, Jolanta"]
[Black "Kulon, Klaudia"]
[Result "1-0"]
[WhiteElo "2443"]
[BlackElo "2371"]
[EventDate "2017.03.21"]
[PlyCount "85"]

1.e4 e5 2.Nf3 Nc6 3.Bb5 f5 4.d3 fxe4 5.dxe4 Nf6 6.O-O Bc5 7.Qd3 d6 8.Nbd2 
O-O 9.Bxc6 bxc6 10.b4 Bb6 11.c4 a5 12.c5 dxc5 13.Qb3+ Kh8 14.bxa5 Bxa5 15.
Qc2 Bxd2 16.Bxd2 Ba6 17.Rfe1 Bd3 18.Qxc5 Nxe4 19.Qe3 Nxd2 20.Nxd2 Bg6 21.
Nc4 Qd5 22.Nxe5 Rxa2 23.Rxa2 Qxa2 24.Qc5 Rf5 25.g4 Rf4 26.Rd1 Qa8 27.Nxg6+
hxg6 28.Qg5 Rf6 29.Rd7 Qe8 30.Qd2 Qe5 31.Qe3 Qa1+ 32.Kg2 Rf8 33.Qh3+ Kg8 
34.Qb3+ Kh7 35.Rd3 Kh6 36.Rh3+ Kg5 37.Qe3+ Rf4 38.Qc5+ Kf6 39.Qxc6+ Kg5 
40.Qc5+ Kf6 41.g5+ Ke6 42.Re3+ Kf7 43.Qd5+ 1-0

[Event "69th POL-ch (w)"]
[Site "Warszawa POL"]
[Date "2017.03.22"]
[Round "2"]
[White "Kantane, Anna"]
[Black "Warakomska, Anna"]
[Result "1-0"]
[WhiteElo "2230"]
[BlackElo "2343"]
[EventDate "2017.03.21"]
[PlyCount "145"]

1.e4 e5 2.Nf3 Nc6 3.Bb5 a6 4.Ba4 Nf6 5.O-O Be7 6.Re1 b5 7.Bb3 d6 8.c3 O-O 
9.d4 Bg4 10.Be3 Bh5 11.h3 exd4 12.cxd4 Na5 13.Bc2 Nc4 14.Bc1 d5 15.e5 Ne4 
16.b3 Nb6 17.Bxe4 dxe4 18.Rxe4 f6 19.e6 c5 20.Bb2 f5 21.Re5 Bd6 22.Re1 Nd5
23.dxc5 Be7 24.Bd4 Nf4 25.Qd2 Nxg2 26.Kxg2 Qd5 27.Kh2 Qxf3 28.Rg1 Bg6 29.
Qb2 Qf4+ 30.Rg3 Qh6 31.Nd2 Bh4 32.Rg2 Rad8 33.Be3 f4 34.Bd4 f3 35.Rg4 Bg5 
36.Nf1 Rfe8 37.Ng3 Bf4 38.Re1 Re7 39.Be5 Bxg3+ 40.Bxg3 Bf5 41.Rh4 Qg6 42.
c6 Rxe6 43.c7 Rf8 44.Rg1 Re2 45.Qc3 Bc8 46.Kh1 Qf6 47.Qc5 Rfe8 48.Qh5 h6 
49.Rf4 Qe6 50.Rg4 Re1 51.Rxg7+ Kxg7 52.Be5+ Kh7 53.Rxe1 Qxh3+ 54.Qxh3 Bxh3
55.Kh2 Bg4 56.Kg3 h5 57.Kf4 Rf8+ 58.Kg3 Re8 59.Kf4 Rf8+ 60.Ke4 Bc8 61.Kd5 
h4 62.Kd6 Kg6 63.Rg1+ Kf5 64.Ke7 Kxe5 65.Kxf8 Kd6 66.Rc1 Kd7 67.Rh1 Kxc7 
68.Rxh4 Kb6 69.Ke7 Kc5 70.b4+ Kb6 71.Rh6+ Kc7 72.Rf6 Bb7 73.Ke6 1-0

[Event "69th POL-ch (w)"]
[Site "Warszawa POL"]
[Date "2017.03.22"]
[Round "2"]
[White "Kiolbasa, Oliwia"]
[Black "Zawadzka, Jolanta"]
[Result "1-0"]
[WhiteElo "2204"]
[BlackElo "2443"]
[EventDate "2017.03.21"]
[PlyCount "63"]

1.e4 c6 2.d4 d5 3.Nc3 dxe4 4.Nxe4 Nd7 5.Bc4 Ngf6 6.Ng5 e6 7.Qe2 Nb6 8.Bd3 
c5 9.dxc5 Bxc5 10.N1f3 Bb4+ 11.c3 Bd6 12.O-O h6 13.Ne4 Nxe4 14.Qxe4 f5 15.
Bb5+ Kf7 16.Qd4 Qc7 17.Rd1 Rd8 18.Bf4 Bxf4 19.Qxd8 Qxd8 20.Rxd8 a6 21.Be2 
Nd5 22.c4 Nb4 23.Rad1 Nc6 24.Rh8 Rb8 25.g3 Bc7 26.Nh4 Bb6 27.Bh5+ Kf6 28.
Rf8+ Ke5 29.Ng6+ Ke4 30.Kg2 Nd4 31.f3+ Ke3 32.Nf4 1-0

[Event "69th POL-ch (w)"]
[Site "Warszawa POL"]
[Date "2017.03.22"]
[Round "2"]
[White "Kulon, Klaudia"]
[Black "Sliwicka, Alicja"]
[Result "1-0"]
[WhiteElo "2371"]
[BlackElo "2244"]
[EventDate "2017.03.21"]
[PlyCount "71"]

1.d4 d5 2.Bf4 e6 3.e3 Nf6 4.Nd2 c5 5.c3 Nc6 6.Bd3 Bd6 7.Bxd6 Qxd6 8.f4 Nd7
9.a3 O-O 10.Qh5 f5 11.Qe2 Nf6 12.Ngf3 Bd7 13.Ne5 Be8 14.O-O c4 15.Bc2 b5 
16.Rfb1 a5 17.b3 Bh5 18.Qe1 cxb3 19.Nxb3 Rfb8 20.Nc5 Ne4 21.Bxe4 fxe4 22.
Rb2 Be8 23.Rab1 a4 24.Qh4 Nd8 25.Rf2 Nb7 26.Qg4 Nxc5 27.dxc5 Qxc5 28.Qxe6+
Kh8 29.Rd1 Qxa3 30.f5 Ra7 31.f6 gxf6 32.Rxf6 Qe7 33.Qf5 a3 34.Rf1 Bg6 35.
Rxg6 a2 36.Nf7+ 1-0

[Event "69th POL-ch (w)"]
[Site "Warszawa POL"]
[Date "2017.03.22"]
[Round "2"]
[White "Majdan, Joanna"]
[Black "Szczepkowska, Karina"]
[Result "1/2-1/2"]
[WhiteElo "2363"]
[BlackElo "2413"]
[EventDate "2017.03.21"]
[PlyCount "82"]

1.e4 e5 2.Nf3 Nc6 3.d4 exd4 4.Nxd4 Bc5 5.Nxc6 Qf6 6.Qf3 bxc6 7.Nc3 Bd4 8.
Na4 Qxf3 9.gxf3 g6 10.Be3 Bg7 11.O-O-O d6 12.Bd4 Bxd4 13.Rxd4 Nf6 14.b4 
O-O 15.Rg1 Nd7 16.f4 a5 17.b5 cxb5 18.Bxb5 Nf6 19.e5 dxe5 20.fxe5 Nh5 21.
Nc5 Bf5 22.Rgd1 Ng7 23.Bc6 Rab8 24.Nb7 Ne6 25.Rc4 g5 26.Nxa5 Nf4 27.Nb3 
Rb6 28.Nd4 Be6 29.Nxe6 fxe6 30.Rd7 Ng6 31.Rc5 Rxf2 32.Be4 Nf8 33.Rdxc7 
Rxh2 34.a4 Rb4 35.Rc4 Rb6 36.a5 Ra6 37.R4c5 g4 38.Bb7 g3 39.Rc3 Rxa5 40.
Rxg3+ Ng6 41.Be4 Rxe5 1/2-1/2

[Event "69th POL-ch (w)"]
[Site "Warszawa POL"]
[Date "2017.03.22"]
[Round "2"]
[White "Socko, Monika"]
[Black "Rajlich, Iweta"]
[Result "1-0"]
[WhiteElo "2466"]
[BlackElo "2389"]
[EventDate "2017.03.21"]
[PlyCount "75"]

1.d4 Nf6 2.c4 e6 3.Nc3 c5 4.d5 d6 5.e4 g6 6.h3 Bg7 7.Nf3 O-O 8.Bd3 Na6 9.
Bg5 exd5 10.cxd5 Bd7 11.O-O Qb8 12.Bxa6 bxa6 13.Qd2 Re8 14.Rfe1 Bb5 15.a4 
Bc4 16.e5 Nd7 17.Qf4 Bb3 18.exd6 f6 19.Qg4 Qxd6 20.Bf4 f5 21.Qxf5 gxf5 22.
Bxd6 Bxc3 23.bxc3 Bxd5 24.Nh4 Be4 25.Rad1 c4 26.Rd4 Bd3 27.Re7 Rxe7 28.
Bxe7 Ne5 29.Bf6 Re8 30.Rd5 Nc6 31.Nxf5 Re1+ 32.Kh2 Kf7 33.Ne3 Re2 34.Rd6 
Rxf2 35.Ng4 Ra2 36.Rxc6 Be4 37.Ne5+ Ke8 38.Rc8# 1-0

[Event "69th POL-ch (w)"]
[Site "Warszawa POL"]
[Date "2017.03.23"]
[Round "3"]
[White "Szczepkowska, Karina"]
[Black "Kantane, Anna"]
[Result "1/2-1/2"]
[WhiteElo "2413"]
[BlackElo "2230"]
[EventDate "2017.03.21"]
[PlyCount "111"]

1.d4 Nf6 2.c4 g6 3.Nc3 d5 4.cxd5 Nxd5 5.e4 Nxc3 6.bxc3 Bg7 7.Nf3 c5 8.Rb1 
O-O 9.Be2 cxd4 10.cxd4 Qa5+ 11.Bd2 Qxa2 12.O-O b6 13.Qc1 Bb7 14.Bc4 Qa4 
15.Bb5 Qa2 16.d5 Rc8 17.Qd1 Na6 18.Bg5 Rc7 19.Bf4 Rcc8 20.Ne5 Nc5 21.f3 a6
22.Bc6 Bxe5 23.Bxe5 Bxc6 24.dxc6 Qe6 25.Ba1 Rxc6 26.Qd4 f6 27.Qe3 a5 28.h4
a4 29.Rfd1 Nb3 30.Bb2 Rd6 31.Ba3 Rxd1+ 32.Rxd1 Rc8 33.Rd5 Kg7 34.h5 Qc6 
35.Rd3 Qc7 36.f4 Rd8 37.Rc3 Qd7 38.h6+ Kxh6 39.Qxb6 Qd4+ 40.Qxd4 Rxd4 41.
Bxe7 Rxe4 42.Bxf6 Kh5 43.Be5 g5 44.g3 Kg4 45.Kf2 h5 46.Bd6 Rd4 47.Be5 Re4 
48.Bd6 gxf4 49.gxf4 h4 50.Rc8 h3 51.Rg8+ Kf5 52.Rf8+ Ke6 53.Re8+ Kf5 54.
Rxe4 Kxe4 55.Kg3 Kf5 56.Kxh3 1/2-1/2

[Event "69th POL-ch (w)"]
[Site "Warszawa POL"]
[Date "2017.03.23"]
[Round "3"]
[White "Rajlich, Iweta"]
[Black "Majdan, Joanna"]
[Result "0-1"]
[WhiteElo "2389"]
[BlackElo "2363"]
[EventDate "2017.03.21"]
[PlyCount "76"]

1.d4 d5 2.c4 e6 3.Nc3 c6 4.Qd3 dxc4 5.Qxc4 Nf6 6.Nf3 b5 7.Qb3 b4 8.Na4 
Nbd7 9.Bg5 Qa5 10.Bxf6 gxf6 11.e3 Bb7 12.Be2 c5 13.Nxc5 Bxc5 14.dxc5 Nxc5 
15.Qc2 Be4 16.Qc4 b3+ 17.Kf1 Rb8 18.a3 Ke7 19.h4 Rhc8 20.h5 Bxf3 21.gxf3 
Qd2 22.Rd1 Qxb2 23.Rh4 Qe5 24.Rhd4 b2 25.Qc2 Qxh5 26.Ke1 Qh1+ 27.Bf1 Qxf3 
28.Rb4 Na6 29.Qxb2 Nxb4 30.axb4 Qc6 31.Ra1 Rc7 32.b5 Qc5 33.Bd3 Rd8 34.Ra3
Rcd7 35.Be2 Rd2 36.Qa1 Qd5 37.e4 Qxe4 38.Rxa7+ Ke8 0-1

[Event "69th POL-ch (w)"]
[Site "Warszawa POL"]
[Date "2017.03.23"]
[Round "3"]
[White "Sliwicka, Alicja"]
[Black "Kiolbasa, Oliwia"]
[Result "1-0"]
[WhiteElo "2244"]
[BlackElo "2204"]
[EventDate "2017.03.21"]
[PlyCount "79"]

1.e4 e5 2.Nf3 Nc6 3.d4 exd4 4.Nxd4 Qf6 5.Nb5 Bc5 6.Qd2 Bb6 7.N1c3 Nge7 8.
Bd3 a6 9.Na3 O-O 10.Nc4 Bd4 11.Ne3 Nb4 12.O-O Nxd3 13.Ncd5 Nxd5 14.Nxd5 
Bxf2+ 15.Kh1 Qd8 16.Qxd3 Bh4 17.e5 c6 18.Nc3 d5 19.exd6 Be6 20.Be3 Qa5 21.
Rad1 Qh5 22.Bf2 Bf5 23.Qc4 Bf6 24.Ne4 Bxe4 25.Qxe4 Rae8 26.Qd3 Be5 27.Bg1 
f5 28.d7 Rd8 29.Qb3+ Kh8 30.Qxb7 Qh6 31.Qxa6 Bc7 32.Qd3 Qh5 33.Qf3 Qh6 34.
Rfe1 c5 35.h3 Qb6 36.b3 h6 37.Qd5 Bg3 38.Re6 Qc7 39.Bxc5 Rf6 40.Re8+ 1-0

[Event "69th POL-ch (w)"]
[Site "Warszawa POL"]
[Date "2017.03.23"]
[Round "3"]
[White "Warakomska, Anna"]
[Black "Kulon, Klaudia"]
[Result "1/2-1/2"]
[WhiteElo "2343"]
[BlackElo "2371"]
[EventDate "2017.03.21"]
[PlyCount "159"]

1.d4 Nf6 2.c4 g6 3.g3 Bg7 4.Bg2 O-O 5.Nc3 d6 6.Nf3 Nc6 7.O-O a6 8.Qd3 Rb8 
9.d5 Nb4 10.Qd1 a5 11.e4 e5 12.a3 Na6 13.Qc2 Bd7 14.Ne1 c6 15.Nd3 cxd5 16.
cxd5 Rc8 17.Bd2 Nh5 18.Qd1 Qe8 19.Qe2 f5 20.f4 exf4 21.Nxf4 Nxf4 22.Rxf4 
Nc5 23.Re1 Nb3 24.Be3 Nc5 25.Qd2 Be5 26.Rh4 Nb3 27.Qd1 a4 28.exf5 Bxf5 29.
Nxa4 Bc2 30.Qg4 Bf5 31.Qb4 Nc5 32.Nxc5 dxc5 33.Qd2 Qd7 34.Kh1 Rfe8 35.Rc4 
b6 36.Rcc1 Qg7 37.Bh6 Qf6 38.Bg5 Qg7 39.Bh6 Qf6 40.Re2 Bd4 41.Rce1 Rxe2 
42.Qxe2 g5 43.Qh5 Bg6 44.Qxg5 Bxb2 45.Qxf6 Bxf6 46.d6 Rd8 47.Bf4 Be8 48.h4
Bd7 49.h5 Kg7 50.Bf3 c4 51.g4 h6 52.Rg1 Rf8 53.Be4 Bd4 54.Rf1 Re8 55.Bd5 
c3 56.g5 hxg5 57.Bxg5 Kh8 58.Kg2 c2 59.Bc1 Re2+ 60.Kf3 Re5 61.Be4 Rxh5 62.
Bxc2 Be5 63.Bf4 Kg7 64.Rg1+ Kf6 65.Rg6+ Kf7 66.Bxe5 Rxe5 67.Rh6 Bc6+ 68.
Kf4 Re1 69.Bb3+ Kg7 70.Rh3 Kf6 71.Rd3 Rf1+ 72.Kg3 Rg1+ 73.Kf2 Rg2+ 74.Ke1 
Bd7 75.Re3 Rg5 76.Kd2 Re5 77.Rf3+ Rf5 78.Re3 Re5 79.Rc3 Rc5 80.Re3 1/2-1/2

[Event "69th POL-ch (w)"]
[Site "Warszawa POL"]
[Date "2017.03.23"]
[Round "3"]
[White "Zawadzka, Jolanta"]
[Black "Socko, Monika"]
[Result "0-1"]
[WhiteElo "2443"]
[BlackElo "2466"]
[EventDate "2017.03.21"]
[PlyCount "100"]

1.e4 c5 2.Nf3 Nc6 3.d4 cxd4 4.Nxd4 g6 5.Nc3 Bg7 6.Be3 Nf6 7.Bc4 O-O 8.Bb3 
d6 9.f3 Nxd4 10.Bxd4 Be6 11.Qd2 Qa5 12.O-O-O b5 13.Kb1 Bxb3 14.cxb3 Rfc8 
15.g4 b4 16.Ne2 Rc6 17.a4 Rac8 18.Rc1 h5 19.Rxc6 Rxc6 20.gxh5 Qxh5 21.Qd3 
d5 22.e5 Nd7 23.f4 Nc5 24.Bxc5 Rxc5 25.Ng3 Qh4 26.Qd4 Rc8 27.Ka2 e6 28.
Qxb4 Rc2 29.Qd4 g5 30.Qd3 Rxh2 31.Rxh2 Qxh2 32.Qf3 Qh4 33.Ne2 gxf4 34.Nxf4
Bxe5 35.Qg2+ Kf8 36.Nd3 Bd4 37.Qc2 Qe4 38.Qd2 Bf6 39.Nc5 Qd4 40.Qc2 Ke7 
41.Nb7 Kf8 42.Nd6 Be5 43.Nb5 Qe3 44.b4 Kg7 45.Na3 f5 46.b5 f4 47.a5 f3 48.
b6 f2 49.Qb1 a6 50.b7 Qe1 0-1

[Event "69th POL-ch (w)"]
[Site "Warszawa POL"]
[Date "2017.03.24"]
[Round "4"]
[White "Szczepkowska, Karina"]
[Black "Rajlich, Iweta"]
[Result "1/2-1/2"]
[WhiteElo "2413"]
[BlackElo "2389"]
[EventDate "2017.03.21"]
[PlyCount "156"]

1.c4 c5 2.Nc3 Nc6 3.Nf3 e6 4.g3 Nf6 5.Bg2 a6 6.O-O Qc7 7.e4 d6 8.d3 Be7 9.
a3 Rb8 10.Bf4 O-O 11.a4 h6 12.h3 e5 13.Be3 Nd4 14.Nd2 Bd7 15.f4 b5 16.axb5
axb5 17.fxe5 dxe5 18.Kh2 b4 19.Nd5 Nxd5 20.cxd5 Bg5 21.Bxg5 hxg5 22.Nc4 f6
23.Bf3 Ra8 24.Bh5 Rxa1 25.Qxa1 Kh7 26.Qd1 g6 27.Bg4 Bb5 28.Ne3 Kg7 29.Rf2 
Qd6 30.Be2 f5 31.exf5 gxf5 32.Bf1 Kg6 33.Bg2 e4 34.dxe4 f4 35.e5 Qxe5 36.
Ng4 Qd6 37.gxf4 Rxf4 38.Rxf4 Qxf4+ 39.Kh1 Be2 40.Qe1 Bxg4 41.hxg4 Kf7 42.
Qb1 Kg7 43.Qe1 Kf8 44.Qd1 b3 45.Qa1 Qxg4 46.Qa8+ Kg7 47.Qa7+ Kf6 48.Qxc5 
Qh4+ 49.Kg1 Qe1+ 50.Kh2 Qe5+ 51.Kh1 g4 52.Qf8+ Kg5 53.d6 Ne6 54.d7 Qe1+ 
55.Qf1 Qd2 56.Qf7 Qd1+ 57.Kh2 Qd6+ 58.Kh1 Qd1+ 59.Kh2 Qd6+ 60.Kh1 g3 61.
Qf3 Qxd7 62.Qxg3+ Kf6 63.Qf3+ Ke7 64.Qxb3 Nd4 65.Qe3+ Kf6 66.Qf4+ Ke7 67.
Qe5+ Kd8 68.Qb8+ Ke7 69.b4 Qd6 70.Qb7+ Kf6 71.b5 Qe5 72.Qa6+ Kg5 73.b6 
Qe1+ 74.Qf1 Qxf1+ 75.Bxf1 Nc6 76.Kg2 Kf4 77.Kf2 Na5 78.Bb5 Ke4 1/2-1/2

[Event "69th POL-ch (w)"]
[Site "Warszawa POL"]
[Date "2017.03.24"]
[Round "4"]
[White "Kantane, Anna"]
[Black "Kulon, Klaudia"]
[Result "1/2-1/2"]
[WhiteElo "2230"]
[BlackElo "2371"]
[EventDate "2017.03.21"]
[PlyCount "83"]

1.e4 e5 2.Nf3 Nc6 3.Bb5 a6 4.Ba4 f5 5.d4 exd4 6.e5 Bc5 7.O-O Nge7 8.Bb3 d5
9.exd6 Qxd6 10.Ng5 Nd5 11.Qh5+ g6 12.Re1+ Nce7 13.Qf3 c6 14.c4 h6 15.Nh3 
Nf6 16.Bf4 Qd8 17.Be5 O-O 18.Nd2 Ne4 19.Red1 Kh7 20.Nxe4 fxe4 21.Qxe4 Bxh3
22.gxh3 Nf5 23.Bc2 Qe7 24.Bd3 Rae8 25.f4 Qh4 26.Qg2 Re6 27.Rd2 Qe7 28.Kh1 
Ne3 29.Qg3 Bd6 30.Rg1 Bxe5 31.fxe5 Kh8 32.Rf2 b5 33.cxb5 cxb5 34.Rf4 Rxf4 
35.Qxf4 g5 36.Qxd4 Rxe5 37.Qb6 Qf8 38.Qb7 Re7 39.Qc6 Re6 40.Qb7 Re7 41.Qc6
Re6 42.Qb7 1/2-1/2

[Event "69th POL-ch (w)"]
[Site "Warszawa POL"]
[Date "2017.03.24"]
[Round "4"]
[White "Kiolbasa, Oliwia"]
[Black "Warakomska, Anna"]
[Result "1-0"]
[WhiteElo "2204"]
[BlackElo "2343"]
[EventDate "2017.03.21"]
[PlyCount "65"]

1.e4 c5 2.Nf3 e6 3.d4 cxd4 4.Nxd4 Nc6 5.Nc3 Qc7 6.Be2 Nf6 7.Be3 Be7 8.f4 
d6 9.Ndb5 Qb8 10.g4 O-O 11.g5 Nd7 12.h4 a6 13.Nd4 Nxd4 14.Bxd4 b5 15.Bd3 
b4 16.Ne2 e5 17.Be3 Bb7 18.f5 d5 19.Ng3 Bc5 20.Qe2 Qa7 21.Bxc5 Nxc5 22.f6 
dxe4 23.Bc4 Ne6 24.Bxe6 fxe6 25.O-O-O gxf6 26.gxf6 Rxf6 27.Rd7 Raf8 28.
Nxe4 Rg6 29.Rhd1 Qb6 30.Qh5 Qe3+ 31.Kb1 Rh6 32.Qxe5 Rg6 33.Nf6+ 1-0

[Event "69th POL-ch (w)"]
[Site "Warszawa POL"]
[Date "2017.03.24"]
[Round "4"]
[White "Majdan, Joanna"]
[Black "Zawadzka, Jolanta"]
[Result "0-1"]
[WhiteElo "2363"]
[BlackElo "2443"]
[EventDate "2017.03.21"]
[PlyCount "88"]

1.e4 c5 2.Nf3 Nc6 3.d4 cxd4 4.Nxd4 Qc7 5.Nc3 e6 6.f4 a6 7.Nxc6 Qxc6 8.Bd3 
b5 9.Qe2 Bb7 10.Bd2 Rc8 11.a3 Bc5 12.O-O-O Ne7 13.Rhf1 O-O 14.f5 f6 15.Qh5
exf5 16.exf5 Qb6 17.Ne4 Bxe4 18.Bxe4 Bxa3 19.Bf4 Qa5 20.Qe2 Rfe8 21.Qd3 
Bc5 22.Kb1 d5 23.Bxd5+ Nxd5 24.Qxd5+ Kh8 25.Qb7 Qa4 26.Rde1 Bf8 27.Re2 Qc4
28.Rfe1 Rxe2 29.Rxe2 Rd8 30.Qf3 a5 31.Re4 Qc5 32.Be3 Qc7 33.Rh4 a4 34.Bc1 
Rc8 35.Qd3 b4 36.Rd4 Qxh2 37.Qa6 Rb8 38.Qxa4 Qxg2 39.Qd7 h6 40.Rc4 Qh2 41.
Rc7 Ra8 42.Qf7 Rd8 43.Ka2 Qh1 44.Bf4 Ra8+ 0-1

[Event "69th POL-ch (w)"]
[Site "Warszawa POL"]
[Date "2017.03.24"]
[Round "4"]
[White "Socko, Monika"]
[Black "Sliwicka, Alicja"]
[Result "1-0"]
[WhiteElo "2466"]
[BlackElo "2244"]
[EventDate "2017.03.21"]
[PlyCount "153"]

1.e4 c5 2.Nf3 e6 3.b3 Nc6 4.Bb2 d5 5.exd5 exd5 6.Be2 Nf6 7.O-O Be7 8.d4 
O-O 9.dxc5 Bxc5 10.Nc3 Be6 11.a3 a6 12.b4 Ba7 13.b5 Na5 14.Nd4 Qc7 15.a4 
Nc4 16.Bxc4 Qxc4 17.Nce2 Bg4 18.f3 Bf5 19.Kh1 Bg6 20.Qd2 Rac8 21.Rfc1 Nh5 
22.g4 Nf6 23.Ng3 Bb8 24.Re1 Rfe8 25.Ngf5 Bxf5 26.Nxf5 Bf4 27.Qf2 Qb4 28.
Bxf6 gxf6 29.Rad1 h6 30.c3 Qa3 31.Rxd5 Qxc3 32.Rdd1 Qa3 33.Ra1 Qc3 34.Kg2 
Kh7 35.Rxe8 Rxe8 36.Ra2 Qd3 37.bxa6 bxa6 38.Qc2 Rd8 39.h4 Kg8 40.Qxd3 Rxd3
41.Rc2 Ra3 42.Rc4 Ra2+ 43.Kf1 Bd2 44.Rc8+ Kh7 45.Rf8 Rxa4 46.Rxf7+ Kh8 47.
Rxf6 Kh7 48.Ke2 Bf4 49.Kd3 a5 50.Ra6 Bc1 51.Rc6 Bf4 52.h5 Bg5 53.Rc7+ Kg8 
54.Nd4 Rb4 55.Ne6 Bf6 56.Ra7 a4 57.Nc5 Rd4+ 58.Ke2 Bg5 59.Rxa4 Rd2+ 60.Ke1
Rc2 61.Ne4 Be3 62.Kd1 Rb2 63.Rc4 Kf7 64.Rc6 Kg7 65.Rc2 Rb7 66.Nd6 Rb1+ 67.
Ke2 Bg5 68.Nf5+ Kh7 69.Kd3 Kg8 70.Rc8+ Kh7 71.Rc4 Rf1 72.Ke2 Rg1 73.Kf2 
Ra1 74.f4 Ra2+ 75.Kf3 Ra3+ 76.Ke4 Bd8 77.Rd4 1-0

[Event "69th POL-ch (w)"]
[Site "Warszawa POL"]
[Date "2017.03.25"]
[Round "5"]
[White "Kulon, Klaudia"]
[Black "Kiolbasa, Oliwia"]
[Result "1/2-1/2"]
[WhiteElo "2371"]
[BlackElo "2204"]
[EventDate "2017.03.21"]
[PlyCount "93"]

1.e4 e5 2.Nf3 Nc6 3.Nc3 Nf6 4.a3 d5 5.Bb5 Nxe4 6.Nxe5 Qd6 7.d4 Nxc3 8.bxc3
Be7 9.Bf4 Qf6 10.Nd3 O-O 11.O-O Bd6 12.Bxc6 Bxf4 13.Bxd5 Bxh2+ 14.Kxh2 
Qd6+ 15.Nf4 Qxf4+ 16.Kg1 c6 17.Bf3 Bf5 18.Rb1 Qc7 19.Re1 Rfe8 20.Qd2 h6 
21.c4 Rad8 22.c5 Qd7 23.g3 Re6 24.Rxe6 Bxe6 25.c3 Qe7 26.Qf4 Bc4 27.a4 Ba2
28.Ra1 Bc4 29.Be4 Bd5 30.Bxd5 Rxd5 31.c4 Rd7 32.Rd1 Qe2 33.Qc1 h5 34.d5 
Qf3 35.d6 b6 36.cxb6 axb6 37.Qb1 h4 38.Re1 f5 39.Re3 Qg4 40.Qxb6 Qd1+ 41.
Kh2 Qxd6 42.c5 hxg3+ 43.Rxg3 Qd4 44.Qb8+ Rd8 45.Qb3+ Rd5 46.Qb8+ Rd8 47.
Qb3+ 1/2-1/2

[Event "69th POL-ch (w)"]
[Site "Warszawa POL"]
[Date "2017.03.25"]
[Round "5"]
[White "Rajlich, Iweta"]
[Black "Kantane, Anna"]
[Result "1-0"]
[WhiteElo "2389"]
[BlackElo "2230"]
[EventDate "2017.03.21"]
[PlyCount "125"]

1.d4 Nf6 2.Bg5 Ne4 3.Bf4 c5 4.d5 Qb6 5.Bc1 e6 6.f3 Qa5+ 7.c3 Nf6 8.e4 d6 
9.Na3 Be7 10.Nc4 Qc7 11.dxe6 fxe6 12.Bf4 e5 13.Bg5 O-O 14.Ne3 Be6 15.Bc4 
Bxc4 16.Nxc4 Nc6 17.Nh3 Rad8 18.Bxf6 Bxf6 19.O-O Ne7 20.Qb3 d5 21.exd5 
Nxd5 22.Nf2 Kh8 23.Ne4 Nf4 24.Rad1 a6 25.g3 Nd5 26.a4 g6 27.a5 Be7 28.Qc2 
Kg7 29.Qe2 Rfe8 30.Rd2 b5 31.axb6 Nxb6 32.Rfd1 Rxd2 33.Nexd2 Bf6 34.Nxb6 
Qxb6 35.Nc4 Qb5 36.Qe4 Re7 37.Qd5 a5 38.Kg2 a4 39.h4 Qb3 40.Rd2 Qb5 41.Nd6
Qb3 42.Qxc5 Qa2 43.Ne4 Rf7 44.g4 Qe6 45.Rd6 Qe8 46.g5 Bd8 47.Qd5 Bc7 48.
Nf6 Qc8 49.Rd7 Rxd7 50.Qxd7+ Qxd7 51.Nxd7 Ba5 52.Nc5 a3 53.bxa3 Bxc3 54.
Kf1 Kf7 55.Ke2 Ke7 56.a4 Bb4 57.Nd3 Bc3 58.Ke3 Ke6 59.Ke4 Kd6 60.Nf2 Be1 
61.Ng4 Bxh4 62.Nxe5 Kc5 63.Nd3+ 1-0

[Event "69th POL-ch (w)"]
[Site "Warszawa POL"]
[Date "2017.03.25"]
[Round "5"]
[White "Sliwicka, Alicja"]
[Black "Majdan, Joanna"]
[Result "0-1"]
[WhiteElo "2244"]
[BlackElo "2363"]
[EventDate "2017.03.21"]
[PlyCount "66"]

1.e4 c5 2.Nf3 Nc6 3.d4 cxd4 4.Nxd4 Nf6 5.Nc3 d6 6.Nb3 g6 7.Be2 Bg7 8.O-O 
O-O 9.Bg5 Be6 10.Re1 Rc8 11.Bf1 Nd7 12.Qd2 Re8 13.Rad1 Nb6 14.Qc1 Bc4 15.
Nb5 Bxf1 16.Nxd6 Ba6 17.Nc5 Qxd6 18.Rxd6 exd6 19.Nxa6 bxa6 20.c3 d5 21.
exd5 Nxd5 22.Kf1 Nf6 23.f3 Rxe1+ 24.Qxe1 h6 25.Be3 Re8 26.Qd2 Rd8 27.Qe2 
Nd5 28.Bc5 Nf4 29.Qxa6 Rd1+ 30.Kf2 Ne5 31.Qa4 Ned3+ 32.Kg3 Rd2 33.Qe8+ Kh7
0-1